Loga klubów w 2 Lidze - Statystyki

Ogólne statystyki
  • Ten quiz został rozwiązany 272 razy
    32 od ostatniego zresetowania
  • Średni wynik to 13 z 16
Statystyki odpowiedzi
Obrazkowy Odpowiedź % Poprawnych
Zagłębie Sosnowiec
100%
Podbeskidzie Bielsko-Biała
96%
Warta Poznań
96%
Chojniczanka Chojnice
89%
Sandecja Nowy Sącz
89%
Olimpia Grudziądz
86%
Resovia Rzeszów
86%
Stal Stalowa Wola
82%
KKS Kalisz
79%
GKS Jastrzębie
75%
Hutnik Kraków
75%
Sokół Kleczew
71%
Świt Skolwin
71%
Rekord Bielsko-Biała
68%
Podhale Nowy Targ
61%
Unia Skierniewice
57%
Nie znaleziono quizów pasujących do podanych kryteriów
Rozkład punktacji
Procent ludzi z każdym wynikiem
Percentyl według liczby udzielonych odpowiedzi
Twoja historia wyników
Nie rozwiązałeś tego quizu od ostatniego zresetowania